000 00316nam a22001217a 4500
003 OSt
008 150215b xxu||||| |||| 00| 0 eng d
100 1 _aPetersham, Maud and Miska
041 _aeng
245 1 0 _aAmerica's Stamps - The Story of One Hundred Years of U.S. Postage Stamps
260 _c1947
300 _a0 pages
999 _c791
_d791